LEADER 01933nam 2200505 a 450 001 9910458496903321 005 20200520144314.0 010 $a1-4267-1333-9 035 $a(CKB)2560000000053417 035 $a(EBL)3039196 035 $a(SSID)ssj0000474686 035 $a(PQKBManifestationID)12166791 035 $a(PQKBTitleCode)TC0000474686 035 $a(PQKBWorkID)10455215 035 $a(PQKB)11149211 035 $a(MiAaPQ)EBC3039196 035 $a(MiAaPQ)EBC6123295 035 $a(Au-PeEL)EBL3039196 035 $a(CaPaEBR)ebr10430632 035 $a(OCoLC)698588131 035 $a(EXLCZ)992560000000053417 100 $a20100915d2009 uy 0 101 0 $aeng 135 $aur|n|---||||| 181 $ctxt 182 $cc 183 $acr 200 10$a24 hours that changed the world$b[electronic resource] /$fAdam Hamilton 210 $aNashville $cAbingdon Press$dc2009 215 $a1 online resource (138 p.) 300 $aDescription based upon print version of record. 311 $a0-687-46555-9 320 $aIncludes bibliographical references. 327 $aThe Last Supper -- The Garden of Gethsemane -- Condemned by the righteous -- Jesus, Barabbas, and Pilate -- The torture and humiliation of the King -- The crucifixion -- Christ the victor. 330 $aNo single event in human history has received more attention than the suffering and crucifixion of Jesus of Nazareth. In this book, Adam Hamilton guides us through the last twenty-four hours of Jesus' life. Each chapter is designed to help the reader experience and understand the significance of Jesus' suffering and death. 608 $aElectronic books. 676 $a232.96 700 $aHamilton$b Adam$f1964-$0876290 801 0$bMiAaPQ 801 1$bMiAaPQ 801 2$bMiAaPQ 906 $aBOOK 912 $a9910458496903321 996 $a24 hours that changed the world$92191977 997 $aUNINA LEADER 00842nam a2200241 a 4500 001 991002822839707536 008 070913s 000 0 eng d 020 $a9788884025692 035 $ab13586014-39ule_inst 040 $aDip.to Filologia Ling. e Lett.$bita 100 1 $aSacchetti, Roberto$0191829 245 10$aCandaule :$cRoberto Sacchetti ; a cura di Francesco Lioce 260 $aRoma :$bSalerno editrice ;$cc2007 300 $a184 p. ;$c19 cm 440 0$aFaville ;$v41 650 4$aRomanzo 700 1 $aLioce, Franceso 907 $a.b13586014$b09-03-22$c13-09-07 912 $a991002822839707536 945 $aLE008 LLI O XII 81$g1$i2008000142797$lle008$nMarzo$o-$pE12.50$q-$rl$s- $t0$u0$v0$w0$x0$y.i14550982$z13-09-07 996 $aCandaule$91026790 997 $aUNISALENTO 998 $ale008$b13-09-07$cm$da $e-$fita$git $h0$i0